=LDR 00000nam 2200000 4500 =001 INLIS000000000006263 =005 20130612094421 =008 ***********************************Ind** =035 ##$$0010-061300000006263 =041 ##$$a Ind =082 ##$$a 746.434 =090 ##$$a 746.434, Sar m =100 ##$$a Saraswati =245 ##$$a Membuat rendah sendiri, Saraswati =260 ##$$a 1992 $b Jakarta =300 ##$$a vii, 136 hlm, ilus, 21 cm =650 ##$$a Merendah =850 ##$$a NBPNMAT